| 000 | 01066cam a2200361 i 4500 | ||
|---|---|---|---|
| 001 | 0000465 | ||
| 003 | DO-SdBNP | ||
| 005 | 20231113085622.0 | ||
| 008 | 100514s 2010 sp || 000 f spa | ||
| 015 | _a | ||
| 017 |
_a _b |
||
| 020 | _a9788466319737 | ||
| 035 | _a | ||
| 040 |
_aBPMSU _bspa _cBPMSU _e |
||
| 080 | _a | ||
| 082 | 4 |
_a813.5 _bR643c 2010 _222 |
|
| 100 | 1 |
_aRoberts, Nora _d1950- |
|
| 245 | 1 | 0 |
_aCuando sube la marea / _cNora Roberts ; traducción Carmen Valle Simón |
| 250 | _a5a. ed. | ||
| 260 |
_aMadrid : _bSantillana ediciones generales, _c2010. |
||
| 300 |
_a417 p. : _c19 cm |
||
| 490 | 0 | _aPunto de lectura | |
| 490 | 1 |
_aBahía de Chasepeake _v2 |
|
| 490 | 1 |
_aRomántica _v78, 5 |
|
| 500 | _aIncluye datos biográficos de la autora en la contracubierta | ||
| 500 | _aBahìa de Chesapeake 11 | ||
| 534 |
_aTítulo original : _t Rising tides |
||
| 590 | _aInventariado, 2023/VM | ||
| 650 | 4 | _aNovela estadounidense | |
| 700 | 1 |
_aValle Simón, Carmen _etr. |
|
| 910 | _aVMateo V. Control de calidad. BPMSU | ||
| 942 |
_2ddc _cBK |
||
| 999 |
_c10646 _d10646 |
||